General Knowledge #01 - Statistics

General Stats
  • This quiz has been taken 70 times
  • The average score is 11 of 15
Answer Stats
Question Answer % Correct
Which continent is home to all of the world's mountains over 7,000m tall? Asia
93%
Which European country's flag is nicknamed Le Tricolore? France
93%
What is the square root of 144? Twelve
93%
Rioja is a style of wine that takes its name from a region in which country? Spain
91%
Which band produced the albums Rubber Soul, Abbey Road and Let It Be? The Beatles
87%
Which element has the chemical symbol K? Potassium
80%
What term is commonly used in America for the vegetable aubergine? Eggplant
78%
Riga is the capital of which European country? Latvia
78%
In which century was Henry VIII the King of England? 16th Century
75%
Which character has Robert Downey Jr. played in multiple Marvel films? Tony Stark / Iron Man
71%
Which popular singer played the role of Eva Peron in the 1996 film Evita? Madonna
60%
Who was the first Vice President of the United States of America? John Adams
58%
Silly Point and Leg Gully are names for positions in which sport? Cricket
49%
Which Old Testament book has the shortest name of any book in the Bible? Job
42%
Which city was selected as host of the 2022 Commonwealth Games? Birmingham
22%
No matching quizzes found
Score Distribution
Percent of People with Each Score
Percentile by Number Answered
Your Score History
You have not taken this quiz